00419nam a2200133 a 4500008004100000020001800041050001600059100002200075245010000097260004100197300001600238350001000254650002100264150617s2014 ||||||||||||||||| || u a9781452219929 aHV 7419 Gib aGiblin, Matthew J10aOrganization and management in the criminal justice system: a text/readercby Matthew J. Giblin aLos AngelesbSAGE Publicationsc2014 axxii, 648p. a89.00 aCRIMINAL JUSTICE